| 000 | 00451nab a2200145Ia 4500 | ||
|---|---|---|---|
| 003 | ES-SlBCS | ||
| 005 | 20210601125232.0 | ||
| 008 | 140529s1973 xxu||||| |||| 00| 0 eng d | ||
| 041 | _aeng | ||
| 100 | 1 |
_aAltrichter, F. _9155785 |
|
| 245 | 0 | 0 |
_aOn What Cannot Have Spatial Location _c F. Altrichter |
| 650 | 0 | 4 |
_aLocalización Espacial _9155786 |
| 773 | 0 |
_tPhilosophy and Phenomenological Research _gvol. 34, 1973, págs. 252-256 _wRev1411 |
|
| 942 | _cAR | ||
| 999 |
_c526985 _d526985 |
||